000 00762 a2200181 4500
003 Nust
005 20230321120613.0
040 _cNust
082 _a657,SHI
100 _aShillinglaw, Gordon.
_944634
245 _aCost accounting :
_banalysis and control /
_cGordon Shillinglaw,
250 _arevised ed.
260 _aHomewood,
_b Ill., R.D. Irwin,
_c1967.
300 _axviii, 913 p.
_b 24 cm.
505 _aPart.1 Cost Accounting and its Setting (Page-1), Part.2 Measurement of Product Cost (Page-79), Part.3 Control of Operating Costs (Page-275), Part.4 Public Financial Reporting (Page-533), Part.5 Incremental Analysis for Decisions (Page-561), Part.6 Profit Planning and Control Systems (Page-745).
650 _aCost accounting
942 _2ddc
_cBK
999 _c185941
_d185941